000 00941nam a2200277 a 4500
001 000027980
003 DO-SdBNP
005 20250603102129.0
007 ta
008 110406s1995 dr ab 000 | spa d
040 _aDO-SdBNP
_bspa
_cBNPHU
_erda
041 _aspa
049 _aBNPD
082 1 _axxx
_bR426d, 1995
_222
110 1 _aRepública Dominicana.
_bSecretariado Técnico de la Presidencia
_932024
245 1 0 _aDivisión territorial República Dominicana 1995 /
_cpresentación, Katiuska Bobea de Brenes.
250 _aSegunda edición revisada
264 1 _aSanto Domingo :
_bOficina Nacional de Estadística,
_c1995.
300 _a172 páginas :
_bilustraciones, mapas ;
_c22 cm.
336 _atexto
_btxt
_2rdacontent
337 _asin mediación
_bn
_2rdamedia
338 _avolumen
_bnc
_2rdacarrier
590 _aInventariado, 2025/BT
700 1 _aBobea de Brenes, Katiuska,
_epresentación
_92326
942 _2ddc
_cLBS1
999 _c27472
_d27472